Sports Quiz

Random Sports or Basketball Quiz

Toronto Raptors All-Time Leaders Quiz Stats

Quiz Updated Jun 10, 2017

Challenge
Share
Tweet
Embed
Score 0/50 Timer 06:00
24 Plays Today
Hint Answer % Correct
StealsVince Carter
96.1%
PointsDeMar DeRozan
94.6%
PointsVince Carter
91.7%
StealsKyle Lowry
86.2%
PointsChris Bosh
83.4%
ReboundsChris Bosh
83.4%
BlocksChris Bosh
83.4%
AssistsDeMar DeRozan
81.7%
ReboundsAndrea Bargnani
78.4%
AssistsDamon Stoudamire
77.4%
BlocksAmir Johnson
73%
BlocksVince Carter
68.7%
StealsDeMar DeRozan
66.9%
BlocksTracy McGrady
65.7%
BlocksJonas Valanciunas
65.6%
StealsJosé Calderón
64.6%
AssistsKyle Lowry
63.5%
StealsChris Bosh
60.9%
ReboundsVince Carter
59.8%
ReboundsDeMar DeRozan
54%
AssistsVince Carter
52.7%
ReboundsJonas Valanciunas
52.4%
PointsJosé Calderón
52.3%
AssistsJosé Calderón
52.3%
ReboundsCharles Oakley
51.8%
Hint Answer % Correct
BlocksAntonio Davis
51.3%
ReboundsAmir Johnson
50.8%
StealsDamon Stoudamire
50.4%
AssistsMorris Peterson
50.4%
PointsAndrea Bargnani
49.9%
BlocksAndrea Bargnani
49.9%
PointsJonas Valanciunas
48.5%
AssistsT.J. Ford
48.5%
AssistsChris Bosh
46.9%
ReboundsMorris Peterson
46.6%
PointsKyle Lowry
46.3%
ReboundsAntonio Davis
46.1%
PointsAntonio Davis
46%
StealsAlvin Williams
45.2%
AssistsAlvin Williams
43.2%
PointsDoug Christie
40.4%
AssistsDoug Christie
39.8%
PointsMorris Peterson
39.3%
StealsMorris Peterson
39.3%
ReboundsKyle Lowry
33.5%
StealsAmir Johnson
26%
BlocksMarcus Camby
25.4%
StealsDoug Christie
24.5%
BlocksOliver Miller
15.1%
BlocksKeon Clark
13%

You're not logged in!

Compare scores with friends on all Sporcle quizzes.
Sign Up with Email
OR
Log In

You Might Also Like...

Show Comments

Extras

Top Quizzes Today


Score Distribution

Your Account Isn't Verified!

In order to create a playlist on Sporcle, you need to verify the email address you used during registration. Go to your Sporcle Settings to finish the process.